00512nam a2200157 a 450000100060000000300090000600800410001504000280005608200190008410000200010324500950012326000240021830000100024265000620025265000400031415159CO-ViMGA141112s2004 ck r 000 u spa d aCO-ViMGAbspacCO-ViMGA04aCo860.4 P371co1 aPeralta, Andres10aAnálisis literario de . : bEl Coronel no tiene quien le escriba ;Gabrial Garcia Marquez aBogotá, cEsquilo a61.p.14aANALISIS LITERARIO - EL CORONEL NO TIENE QUIEN LE ESCRIBA14aGARCIA MARQUEZ, GABRIEL - BIOGRAFIA